Bandiera giusta o sbagliata? #1 - Morte improvvisa - Statistics

Statistiche generali
  • Questo quiz è stato fatto 1.692 volte
    1.570 dall'ultimo reset
  • Il punteggio medio è 3 su 20
Answers on the Grid
Answers color-coded by a green-red scale on the quiz's grid according to % correct below.
 
Statistiche sulle risposte
Risposta % Corretto
27%
22%
20%
20%
19%
19%
18%
17%
16%
16%
15%
14%
13%
11%
11%
11%
11%
11%
9%
8%
Nessun quiz corrispondente trovato
Distribuzione punteggi
Percentuale di utenti per punteggio
Percentile per numero di risposta
I tuoi punteggi nel tempo
Non hai fatto questo quiz dall'ultimo reset